| 000 | 00000nam##2200000za#4500 |
| 001 | 9.695651 |
| 003 | CaOODSP |
| 005 | 20210624234655 |
| 007 | cr ||||||||||| |
| 008 | 150407|1996||||xxc|||||o f|0| 0 eng|d |
| 040 | |aCaOODSP|beng |
| 043 | |an-cn--- |
| 086 | 1 |aD82-41/1-1996E-PDF |
| 110 | 1 |aCanada.|bOffice of Critical Infrastructure Protection and Emergency Preparedness. |
| 245 | 10|aTsunami runup mapping as an emergency preparedness planning tool : |h[electronic resource]|bthe 1929 tsunami in St. Lawrence, Newfoundland - volume 1 / |cby Alan Ruffman. |
| 260 | |bOffice of Critical Infrastructure Protection and Emergency Preparedness |cNovember 1996. |
| 300 | |a111p.|btables |
| 500 | |aMaps and figures are missing in this electronic edition. "Volume 2" not available at time of cataloguing. The catalogue number (D82-41/1-1996E) and ISBN (0-662-25859-2) for the print edition have been incorrectly copied in this electronic publication. |
| 504 | |aBibliography. |
| 520 | 3 |aThe report warns of the risk to the community if a 1929-like tsunami were to recur today.--Executive summary |
| 590 | |a12-21-Supp|b2012-05-18 |
| 690 | 07|aEmergency preparedness|2gcpds |
| 690 | 07|aNatural disasters|2gcpds |
| 720 | 1 |aRuffman, Alan |
| 775 | 08|tCartographie du jet de rive des tsunamis et guide de planification des mesures d'urgence : |w(CaOODSP)9.639784 |
| 776 | 0#|tTsunami runup mapping as an emergency preparedness tool: the 1929 tsunami in St. Lawrence, Newfoundland : |w(CaOODSP)9.646627 |
| 856 | 40|ahttp://publications.gc.ca|qPDF|s246 KB|uhttps://publications.gc.ca/collections/Collection/D82-41-1-1996E.pdf |